READING IN DATABASE SYSTEMS (Record no. 216670)

MARC details
000 -LEADER
fixed length control field 00571nam a22001937a 4500
008 - FIXED-LENGTH DATA ELEMENTS--GENERAL INFORMATION
fixed length control field 260225b |||||||| |||| 00| 0 eng d
020 ## - INTERNATIONAL STANDARD BOOK NUMBER
International Standard Book Number 978-0-256-82101-2
050 ## - LIBRARY OF CONGRESS CALL NUMBER
Classification number QA 76.9 .D3 2015
100 ## - MAIN ENTRY--PERSONAL NAME
Personal name EDITED BY BAILIS PETER
245 ## - TITLE STATEMENT
Title READING IN DATABASE SYSTEMS
250 ## - EDITION STATEMENT
Edition statement 5TH EDITION
260 ## - PUBLICATION, DISTRIBUTION, ETC.
Place of publication, distribution, etc. LITTLEROCK PUBLISHING
Name of publisher, distributor, etc. AG
Date of publication, distribution, etc. 2015
300 ## - PHYSICAL DESCRIPTION
Extent I,53P.
500 ## - GENERAL NOTE
General note INCLUDES BIBLIOGRAPHICAL REFERENCES
650 ## - SUBJECT ADDED ENTRY
Topical term or geographic name entry element DATABASE MANAGEMENT
700 ## - ADDED ENTRY--PERSONAL NAME
Personal name EDITED BY JOSEPH M.HELLERSTEIN AND MICHAEL STONEBRAKER
942 ## - ADDED ENTRY ELEMENTS (KOHA)
Source of classification or shelving scheme Library of Congress Classification
Koha item type Long Loan Book
Holdings
Withdrawn status Lost status Source of classification or shelving scheme Damaged status Not for loan Collection Home library Current library Shelving location Date acquired Inventory number Total checkouts Full call number Barcode Date last seen Copy number Price effective from Koha item type
    Library of Congress Classification     Science & Technology Kisii University Library Kisii University Library On Display 02/25/2026 111846   QA 76.9 .D3 2015 A001010 02/25/2026 1 02/25/2026 Long Loan Book
    Library of Congress Classification     Science & Technology Kisii University Library Kisii University Library On Display 02/25/2026 111847   QA 76.9 .D3 2015 A001018 02/25/2026 2 02/25/2026 Long Loan Book
    Library of Congress Classification     Science & Technology Kisii University Library Kisii University Library On Display 02/25/2026 111848   QA 76.9 .D3 2015 A001017 02/25/2026 3 02/25/2026 Long Loan Book
    Library of Congress Classification     Science & Technology Kisii University Library Kisii University Library On Display 02/25/2026 111849   QA 76.9 .D3 2015 A001015 02/25/2026 4 02/25/2026 Long Loan Book
    Library of Congress Classification     Science & Technology Kisii University Library Kisii University Library On Display 02/25/2026 111850   QA 76.9 .D3 2015 A001013 02/25/2026 5 02/25/2026 Long Loan Book